LOTR: Saruman - Statistics

General Stats
  • This quiz has been taken 46 times
  • The average score is 11 of 15
Answer Stats
Answer % Correct
After many years of traveling in the East he returned to the West. Where did he settle? Isengard
100%
What color were his robes originally? white
97%
Who was Saruman's mole at the court of Edoras? Gríma Wormtongue
94%
After his defeat Saruman was a prisoner in his own home. Who were his jailers? Ents
86%
What did he find in the place above? Palantir
86%
What was Saruman's emblem during the War of the Ring? White Hand
83%
He was a member of which order of five Maiar, sent to Middle-Earth in the Third Age. Istari
81%
The actor who played Saruman in Peter Jackson's trilogy Christopher Lee.
78%
To please Yavanna, Saruman was charged to take a companion with him. Who was this? Radagast
78%
Which of the Valar was he associated with in Valinor. Aulë
72%
Saruman traded with the Shire in secret. What did he buy for personal use? Pipe-weed
67%
What alias did his servants/ruffians give him? Sharkey
61%
Where was Saruman killed, after which his spirit was blown away by a wind from the West? Bag End
58%
What was his Sindarin name in Middle-Earth? Curunír
50%
What was his Quenya name in Valinor? Curumo
44%
No matching quizzes found
Score Distribution
Percent of People with Each Score
Percentile by Number Answered
Your Score History
You have not taken this quiz